Responses for Show #4165 - Friday, October 11, 2002

Contestants

[<< previous game]

Meredith Allen, a recent college graduate from Peterborough, New Hampshire

Rafi Kam, a web programmer from Danbury, Connecticut

Tanya Tyler, a writer and editor from Lexington, Kentucky (whose 1-day cash winnings total $20,000)

[next game >>]

Jeopardy! Round responses

U.S. ENDANGERED SPECIES
WORLD SERIES HOMERS
NUMB WITH NUMBERS
PRESIDENTIAL NICKNAMES
WE'VE GOT COMPANY
STATELY REBUSES
    $200 13
bat

Tanya
    $200 12
grand slam

Meredith
    $200 16
8

Rafi
    $200 6
Ulysses S. Grant

Tanya
    $200 11
Palm

Rafi
    $200 1
Louisiana

Tanya
    $400 27
salmon

Meredith
    $400 14
Mickey Mantle

Rafi
    $400 19
14

Triple Stumper
    $400 7
Chester A. Arthur

Meredith
    $400 23
Tower Records

Rafi
    $400 2
Arkansas

Meredith
    $600 28
woodpecker

Triple Stumper
    $600 15
New York Mets

Tanya
    $600 20
15 (9 + 6)

Rafi
    $600 8
Martin Van Buren

Tanya
    $600 24
EarthLink

Meredith
    $600 3
Minnesota

Triple Stumper
    $800 29
butterflies

Triple Stumper
    $800 17
the "Called Shot"

Triple Stumper
    $800 21
29

Tanya
    $1,000 9
(Tanya: Who are Jefferson, Washington, Adams and Lee?)

Washington, Jefferson, Madison & Monroe

Tanya
    $800 25
Teleflora

Tanya
    $800 4
Oregon

Meredith
    $1000 30
terns

Triple Stumper
    $1000 18
Reggie Jackson

Tanya
    $1000 22
5

Rafi
    $1000 10
James Buchanan

Tanya
    $1000 26
golf clubs

Triple Stumper
    $1000 5
(Tanya: What is Killinois?)

Illinois

TanyaRafi

Scores at the first commercial break (after clue 15):

Tanya Rafi Meredith
$800 $1,600 $1,800

Scores at the end of the Jeopardy! Round:

Tanya Rafi Meredith
$3,400 $3,800 $2,800

Double Jeopardy! Round responses

A NATIONAL ENQUIRER
ROLE PLAYING
(Alex: We'll give you the role, you identify the performer, please.)
LAST LINES
THE COURAGE TO "B"
DAY TIME
KNIGHT TIME
    $400 1
Iraq

Rafi
    $400 7
Robin Williams

Tanya
    $400 5
Tarzan

Rafi
    $400 15
Barney

Meredith
    $400 20
Monday

Tanya
    $400 25
horses

Tanya
    $800 2
Germany

Meredith
    $800 8
Richard Gere

Tanya
    $800 6
(Rafi: What is Magic Mountain?)

Death in Venice

Rafi
Triple Stumper
    $800 16
bottlenose

Meredith
    $800 21
(Meredith: What is Wednesday?)

Odin

RafiMeredith
    $800 26
coat of arms

Rafi
    $1200 3
Italy

Tanya
    $1200 9
Billy Crystal

Rafi
    $2,000 11
"The Name of the Rose"

Tanya
    $1200 17
bunion

Tanya
    $1200 22
(Rafi: What is Friday...[time] [*]?)
...
(Alex: That is correct, but it came after the buzzer sounded, so we have to rule you incorrect.)

Viernes

Rafi
Triple Stumper
    $1200 27
(Meredith: [No response])

tilting

Meredith
Triple Stumper
    $1600 4
Union of Soviet Socialist Republics

Triple Stumper
    $1600 10
Paul Newman & Joanne Woodward

Tanya
    $1600 12
"The Last Temptation of Christ"

Rafi
    $1600 18
beriberi

Tanya
    $1600 23
Mardi

Tanya
    $1600 28
chain mail

Meredith
    $2000 30
(Rafi: What is Hungary?)

Lithuania

Rafi
Triple Stumper
    $2000 14
Albert Finney

Triple Stumper
    $2000 13
"Tristram Shandy"

Triple Stumper
    $2000 19
Bohemia

Triple Stumper
    $2000 24
(Alex: Written by Susan [*], whose last name means "Sunday" in German. A minute to go, Tanya.)

Sontag

Triple Stumper
    $3,000 29
gunpowder

Meredith

Scores at the end of the Double Jeopardy! Round:

Tanya Rafi Meredith
$14,600 $5,000 $7,400

[wagering suggestions for these scores]

Final Jeopardy! Round responses

FAMOUS AMERICANS
RafiWho was Benjamin Franklin
$2,500
MeredithWho is Benjamin Franklin?
$4,500
TanyaWho is Ben Franklin?
$1,000
Benjamin Franklin

Final scores:

Tanya Rafi Meredith
$15,600 $7,500 $11,900
2-day champion: $35,600 3rd place: $1,000 2nd place: $2,000

Game dynamics:

Coryat scores:

Tanya Rafi Meredith
$14,800 $5,000 $6,400
19 R
(including 1 DD),
2 W
(including 1 DD)
13 R,
3 W
11 R
(including 1 DD),
2 W

Combined Coryat: $26,200

[game clues] [game scores] [suggest correction]

Game tape date: 2002-06-25
The J! Archive is created by fans, for fans. Scraping, republication, monetization, and malicious use prohibited; this site may use cookies and collect identifying information. See terms. The Jeopardy! game show and all elements thereof, including but not limited to copyright and trademark thereto, are the property of Jeopardy Productions, Inc. and are protected under law. This website is not affiliated with, sponsored by, or operated by Jeopardy Productions, Inc. Join the discussion at JBoard.tv.